| 000 | 00724nac a22002171u 4500 | ||
|---|---|---|---|
| 010 | _a 88033851 | ||
| 020 | _a0470213620 : | ||
| 082 | 0 | 0 |
_a620.1074 _bHUS |
| 090 |
_c7916 _d7916 |
||
| 100 | _aHussain, Zoeb. | ||
| 245 | 1 | 0 |
_aGasdynamics through problems / _cZoeb Husain. |
| 260 |
_aNew York : _bWiley,1989 _c1989. |
||
| 300 |
_axi, 190 p. : _bill. ; _c25 cm. |
||
| 500 | _aCover and spine title: Gas dynamics through problems. | ||
| 500 | _adistributer: Al-Ahram | ||
| 504 | _aIncludes bibliographical references (p. 187) and index. | ||
| 511 | _acatalogued by: wessam | ||
| 650 | 0 | _aGas dynamics. | |
| 740 | 0 | _aGas dynamics through problems. | |
| 942 |
_cNB _k620.1074HUS |
||
| 999 |
_c7916 _d7916 |
||